000 00765nam a22002177a 4500
999 _c17575
_d17575
003 AR-CdUCM
008 190509b ||||| |||| 00| 0 spa d
040 _aMUNICIPALIDAD PROVINCIAL DEL CUSCO
_cBIBLIOTECA MUNICIPAL DEL CUSCO
082 _a974 /
_bP43
100 _aPereyra, Carlos
_918565
245 _aHistoria del pueblo Mejicano :
_bPrimera parte orígenes y formación /
260 _aMéxico :
_bEdit. Nacional,
_c1965.
300 _a231 paginas ;
_c17 cm.
505 _aContenido :Mapas, cartas y planos --Panoramas, edificios, monumentos --Sellos, escudos, banderas, autógrafos /
650 _aMéxico
_918
650 _aPueblo
_91822
650 _aOrigines
_937668
650 _aFormación
_98434
942 _2ddc
_cLIBROS
945 _arjall
_d2019-05-09